00945nam a2200193 i 4500001000700000003000700007005001700014008004100031020002200072080003600094100003200130245023300162260008600395300002200481502005200503504003400555600004100589852012100630188628SpMaBN20251014063304.0190115s1996 fr |||| |dfre d a978-2-7295-8772-7 a1 Vanini, Giulio Cesare (043.2)1 aCaballero, Marcial, d1948-10aJ.C. Vanini b: averroïsme de Padoue et pensée libertine (une philosophine de la crise à l'âge baroque) / cthèse de doctorat nouveau régime présentée par Marcial Caballero sous la direction de M. Pierre Magnard. aVilleneuve d'Ascq Cedex : bAtelier National de Reproduction des Thèses,c1996. a408 p. ; c24 cm. aTesis--Université de Paris IV-Sorbonne, 1996. aBibliografía: p. [351]-408.17aVanini, Giulio Cesare, d1585-16192 aES-MaACLjA-14300 bR.151547cDEPO1dOlim: N-14300gDedicatoria autógrafa del autorhDonación: Marcial Caballero